Wojny z udziałem Polski - Statystyki

Ogólne statystyki
  • Ten quiz został rozwiązany 116 razy
  • Średni wynik to 7 z 81
Statystyki odpowiedzi
Wiek Wojna Lata % Poprawnych
XX II wojna światowa (1939-1945)
78%
XX Wojna polsko-bolszewicka (1919-1921)
41%
XXI Wojna w Iraku (2003-2008)
36%
X Wojna polsko-czeska (988–990)
35%
XIV Wojna polsko-czeska (1345-1348)
35%
XI Wojna polsko-niemiecka (1028-1031)
34%
XV Wojna trzynastoletnia (1454-1466)
30%
XVI I wojna północna (1561-1570)
29%
XVII-XVIII III wojna północna (1700-1721)
28%
XVII II wojna północna (1655-1660)
27%
XX Wojna polsko-ukraińska (1918–1919)
22%
XV Wielka wojna z Zakonem Krzyżackim (1409-1411)
18%
XVIII Konfederacja barska (1768-1772)
17%
XX Przewrót majowy (1926)
17%
XV Wojna polsko-krzyżacka (1431-1435)
16%
XVIII Insurekcja kościuszkowska (1794)
13%
XVII Rokosz Zebrzydowskiego (1606-1609)
13%
XVII Rokosz Lubomirskiego (1665-1666)
11%
XV Wojna polsko-węgierska (1471-1474)
11%
XIX Wojna polsko-austriacka (1809)
10%
XX Wojna polsko-czechosłowacka (1919)
10%
XXI II wojna w Zatoce Perskiej (2003)
9%
XVI Wojna kokosza (1537)
9%
XV Wojna głodowa (1414)
7%
XVIII Wojna o sukcesję polską (1733-1735)
7%
XVI Wojna polsko-mołdawska (1502-1510)
6%
XVI Wojna polsko-mołdawska (1530-1531)
6%
XVII I dymitriada (1604-1606)
5%
XVII II dymitriada (1607-1610)
5%
XVI I wojna polsko-rosyjska (1577-1582)
5%
XVII III wojna polsko-rosyjska (1632–1634)
4%
XVII II wojna polsko-rosyjska (1609–1618)
4%
XVII II wojna polsko-turecka (1620-1621)
4%
XVII IV wojna polsko-rosyjska (1654–1667)
4%
XV-XVI I wojna polsko-turecka (1485-1503)
4%
XIV Wojna polsko-brandenburska (1326-1329)
3%
XV Wojna Popia (1478-1479)
3%
XVI Wojna pruska (1519-1521)
3%
XIX Wojna z VI koalicją (1812–1814)
3%
XIX Wojna z V koalicją (1809)
3%
XVII III wojna polsko-szwedzka (1617-1618)
2%
XVII III wojna polsko-turecka (1672-1676)
2%
XIX II wojna polska (1812)
2%
XVI-XVII II wojna polsko-szwedzka (1600-1611)
2%
XVII IV wojna polsko-szwedzka (1621-1626)
2%
XVII IV wojna polsko-turecka (1683-1699)
2%
XIX I wojna polska (1806-1807)
2%
XVIII Konfederacja tarnogrodzka (1715-1716)
2%
XVII V wojna polsko-szwedzka (1626-1629)
2%
XV Wojna golubska (1422)
2%
XIV Wojna Grzymalitów z Nałęczami (1381-1385)
2%
XI Wojny z Świętym Cesarstwem Rzymskim (1002-1018)
2%
XVI III wojna litewsko-rosyjska (1507-1508)
1%
XIII III wojna o Lubusz (1238-1240)
1%
XV-XVI II wojna litewsko-rosyjska (1500-1503)
1%
XIII II wojna o Lubusz (1225-1230)
1%
XXI interwencja NATO w Afganistanie (2002-nadal)
1%
XVII I odsiecz wiedeńska (1619)
1%
XVI IV wojna litewsko-moskiewska (1512-1522)
1%
XIII I wojna o Lubusz (1209-1211)
1%
XVIII VII wojna polsko-rosyjska (1792)
1%
XVI VI wojna litewsko-rosyjska (1558-1570)
1%
XVI V wojna litewsko-moskiewska (1534-1537)
1%
XIII Wojna czesko-węgierska (1260)
1%
XIV Wojna domowa na Litwie (1390-1392)
1%
XVII Wojna domowa na Litwie (1700)
1%
XV Wojna domowa na Węgrzech (1440-1442)
1%
XIII Wojna Leszka Czarnego z Rusią Halicką (1280)
1%
XX Wojna litewska (1919-1920)
1%
XV Wojna litewsko-mazowiecka o Podlasie (1440-1444)
1%
XIV Wojna o Księstwo Halicko-Włodzimierskie (1340-1392)
1%
XV Wojna o sukcesję głogowską (1476-1482)
1%
XIV Wojna polsko-czesko-krzyżacka (1327-1332)
1%
XVII Wojna polsko-kozacko-tatarska (1666-1671)
1%
XIII Wojna polsko-węgiersko-ruska (1218-1221)
1%
XVI Wojna Rzeczypospolitej z Gdańskiem (1576-1577)
1%
XVII Wojna z Abazy paszą (1633–1634)
1%
XVIII Wojna z II koalicją (1798-1802)
1%
XIV Wojna z Władysławem Białym (1375-1376)
1%
XIV-XV Wojna z Władysławem Opolczykiem (1391-1401)
1%
XX Zamach stanu (1919)
1%
Nie znaleziono quizów pasujących do podanych kryteriów
Rozkład punktacji
Procent ludzi z każdym wynikiem
Percentyl według liczby udzielonych odpowiedzi
Twoja historia wyników
Nie rozwiązałeś tego quizu